| 000 | 00613cam a22002411 4500 | ||
|---|---|---|---|
| 001 | sa 65007707 | ||
| 003 | DLC | ||
| 005 | 20260227112150.0 | ||
| 008 | 890706s1965 ii 000 0 hino | ||
| 010 | _asa 65007707 | ||
| 035 | _a(OCoLC)19968705 | ||
| 040 |
_aDLC _cWaU _dDLC |
||
| 042 | _apremarc | ||
| 050 | 0 | 0 |
_aZ7071 _b.C35 |
| 100 | 1 | _aCaturvedi, Javāharalāla. | |
| 245 | 1 | 0 | _aBrajabhāshā. |
| 260 | _c1965. | ||
| 300 |
_a18, 212 p. _c23 cm. |
||
| 500 | _aIn Hindi. | ||
| 504 | _aBibliographical footnotes. | ||
| 650 | 0 |
_aBraj poetry _vBibliography. |
|
| 650 | 0 |
_aErotic literature _vBibliography. |
|
| 999 |
_c65308 _d65308 |
||